Požární ochrana 2008 : Sborník přednášek XVII. ročníku mezinárodní konference. Ostrava, VŠB-TU 10.-11. září 2008

Na minha lista:
Detalhes bibliográficos
Formato: Livro
Idioma:idiomas múltiplos
Publicado em: Ostrava : Vysoká škola báňská - Technická univerzita v Ostravě, 2008
Assuntos:
Tags: Adicionar Tag
Sem tags, seja o primeiro a adicionar uma tag!

MARC

LEADER 00000nam a22000003a 4500
001 stu171692
005 20150408182633.9
008 081007s2007----xr------------------mul-d
020 |a 978-80-7385-040-1 
040 |a STU  |b slo 
041 0 |a mul 
044 |a xr 
080 |a 614.84(063)  |7 stu_us_auth*stu888 
245 |a Požární ochrana 2008 :  |b Sborník přednášek XVII. ročníku mezinárodní konference. Ostrava, VŠB-TU 10.-11. září 2008 
260 |a Ostrava :  |b Vysoká škola báňská - Technická univerzita v Ostravě,  |c 2008 
300 |a 664 s  |c 1 CD-ROM 
650 7 |a požiarna ochrana  |2 stusub 
996 |b 284M068739  |c M*Z-3326  |l MMKN  |s A  |a 24  |w stu171692_0001 
996 |b 284M068737  |c M*CD-1355  |l MMKN  |s A  |a 24  |w stu171692_0002 
996 |b 284M068736  |c M*CD-1354  |l MMKN  |s A  |a 24  |w stu171692_0003 
996 |b 284M068738  |c M*CD-1356  |l MMKN  |s A  |a 24  |w stu171692_0004